000 00703cam a22001931 4500
001 tmp96021756
003 DLC
005 20260227112756.0
008 090618s1888 tnu 000 0 eng
010 _atmp96021756
040 _aDLC
_cDLC
_dDLC
050 0 0 _aLD4993
_b.A223
110 2 _aUniversity of the South.
_bBoard of Trustees.
245 1 0 _aReprints of the documents and proceedings of the Board of Trustees of the University of the South prior to 1860 /
_cedited by the Rev. Telfair Hodgson.
260 _a[Sewanee, Tenn. :
_bPrinted at the University of the South Press,
_c1888]
300 _a227 p. ;
_c19 cm.
610 2 0 _aUniversity of the South.
700 1 _aHodgson, Telfair,
_d1840-1893.
999 _c91213
_d91213